000 00804nam a22002417a 4500
003 BUBTL
008 180807b xxu||||| |||| 00| 0 eng d
020 _a9789339203122
041 _aEnglish
082 _a658.15/ R7331c/ 2014
100 _91980
_aRoss, Stephen A.
245 _aCorporate Finance :
_cStephen A. Ross, Randolph W. Westerfield and Jeffrey Jaffe and Ram Kumar Kakani
250 _a10th
260 _aNew Delhi
_bMc Graw Hill
_cc2014
300 _a[xxxii], 1119p . :
_bill. Chart, Table ; 24cm .
500 _aIncludes Index .
526 _aBBA, MBA
650 0 _91765
_aCorporate Finance
700 _aStephen A. Ross, Randolph W. Westerfield and Jeffrey Jaffe and Ram Kumar Kakani
_95427
856 _k0
_l0
_yDownload
942 _2ddc
_cBK
999 _c5776
_d5776